MyGZULibrary

Organizational behaviour : (Record no. 3078)

MARC details
000 -LEADER
fixed length control field 01002pam a2200289 a 4500
001 - CONTROL NUMBER
control field 4487348
003 - CONTROL NUMBER IDENTIFIER
control field GZU
005 - DATE AND TIME OF LATEST TRANSACTION
control field 20201117093059.0
008 - FIXED-LENGTH DATA ELEMENTS--GENERAL INFORMATION
fixed length control field 970129s1997 enka b 001 0 eng
010 ## - LIBRARY OF CONGRESS CONTROL NUMBER
LC control number 97000953
020 ## - INTERNATIONAL STANDARD BOOK NUMBER
International Standard Book Number 0132072599
040 ## - CATALOGING SOURCE
Original cataloging agency DLC
Transcribing agency DLC
Modifying agency DLC
050 00 - LIBRARY OF CONGRESS CALL NUMBER
Classification number HD58.7
Item number .BUC 1997
082 00 - DEWEY DECIMAL CLASSIFICATION NUMBER
Classification number 302.3/5
Edition number 21
100 1# - MAIN ENTRY--PERSONAL NAME
Personal name Buchanan, David A.
245 10 - TITLE STATEMENT
Title Organizational behaviour :
Remainder of title an introduction text /
Statement of responsibility, etc. David Buchanan and Andrzej Huczynski.
250 ## - EDITION STATEMENT
Edition statement 3rd ed.
260 ## - PUBLICATION, DISTRIBUTION, ETC.
Place of publication, distribution, etc. London ;
-- New York :
Name of publisher, distributor, etc. Prentice Hall,
Date of publication, distribution, etc. 1997.
300 ## - PHYSICAL DESCRIPTION
Extent xviii, 744 p. :
Other physical details ill. (some col.) ;
Dimensions 25 cm.
500 ## - GENERAL NOTE
General note Huczynski's name appears first on the earlier edition.
504 ## - BIBLIOGRAPHY, ETC. NOTE
Bibliography, etc. note Includes bibliographical references and index.
650 #0 - SUBJECT ADDED ENTRY--TOPICAL TERM
Topical term or geographic name entry element Organizational behavior.
700 1# - ADDED ENTRY--PERSONAL NAME
Personal name Huczynski, Andrzej.
906 ## - LOCAL DATA ELEMENT F, LDF (RLIN)
a 7
b cbc
c orignew
d 1
e ocip
f 19
g y-gencatlg
942 ## - ADDED ENTRY ELEMENTS (KOHA)
Source of classification or shelving scheme Library of Congress Classification
Koha item type Books
Edition 3rd ed.
Classification part 58.7
Item part BUC
Call number prefix HD
Holdings
Withdrawn status Lost status Damaged status Not for loan Collection code Home library Current library Shelving location Date acquired Total Checkouts Full call number Barcode Date last seen Copy number Price effective from Koha item type
        Non-fiction City Campus Library City Campus Library General Stacks 11/17/2020   HD 58.7 BUC 2001 6035 11/17/2020 c.1 11/17/2020 Books
        Non-fiction Mashava Campus Library Mashava Campus Library General Stacks 05/05/2021   HD58.5 BUC 2001 B015430 05/05/2021 c. 2 05/05/2021 Books
        Non-fiction Mashava Campus Library Mashava Campus Library General Stacks 05/05/2021   HD58.5 BUC 2001 B015434 05/05/2021 c. 3 05/05/2021 Books